000 00697cam a22002293a 4500
001 27583
003 PGUSA
005 20140828083609.0
008 081221s2008||||xxu|||||s|||||000 | eng d
040 _aPGUSA
_beng
042 _adc
050 4 _aZ
100 1 _aWilson, John,
_d1826-
245 1 4 _aThe Importance of the Proof-reader :
_bA Paper read before the Club of Odd Volumes, in Boston, by John Wilson
_h[electronic resource] /
_cJohn Wilson
260 _bProject Gutenberg,
_c2008
506 _aPublic domain in the USA.
516 _aElectronic text
653 _aProofreading
830 0 _aProject Gutenberg
_v27583
856 4 0 _uhttp://www.gutenberg.org/ebooks/27583
942 _cEB
999 _c256838
_d256838